000 02350nam a2200529 i 4500
001 1500700468
003 Ingram
005 20250402155605.0
007 t|
008 241106s2025 nyua c 000 1 eng d
020 _a9781250213532
_qhardcover
035 _a(OCoLC)1500700468
040 _aTnLvILS
_beng
_cTnLvILS
_erda
_dTnLvILS
092 _ajunior fiction
_bCameron
100 1 _aCameron, W. Bruce,
_eauthor.
_4aut.
_949316
245 1 0 _aPiper's story :
_ba kitten tale /
_cW. Bruce Cameron ; illustrations by Richard Cowdrey.
246 3 _aPiper's story :
_ba puppy tale.
250 _aFirst edition.
264 1 _aNew York :
_bTor Publishing Group,
_c2025.
300 _a227 pages :
_billustrations ;
_c22 cm.
336 _atext
336 _astill image
337 _aunmediated
338 _avolume
490 0 _aKitten tale.
490 1 _aPuppy tale.
500 _a"Starscape."
500 _aSubtitle has "puppy' scratched out with "kitten" placed above it.
500 _aIncludes a reading & activity guide.
520 _a"Piper is a kitten with big goals and a bigger attitude. She loves her girl, Riley, who showers her with attention and treats her like the queen she is. But Riley lives with other inferior creatures like her smelly brother Jackson and his slobbery dog Tank. Riley's house is simply not fit for a cat of Piper's stature! So she hatches the perfect plan -- she'll escape and find a new home for her and Riley. But she quickly learns that home isn't something you can find that easily."--
521 1 _a08-12.
521 2 _a03-07.
650 0 _aKittens
_vJuvenile fiction.
_95684395
650 0 _aDogs
_vJuvenile fiction.
_95674840
650 0 _aPets
_vJuvenile fiction.
_95674712
650 0 _aFamilies
_vJuvenile fiction.
_95674031
650 0 _aHuman-animal relationships
_vJuvenile fiction.
_95681283
650 1 _aCats
_vFiction.
_95674208
650 1 _aDogs
_vFiction.
_95674795
650 1 _aPets
_vFiction.
_95674711
650 1 _aFamily life
_vFiction.
_95674038
650 1 _aHuman-animal relationships
_vFiction.
_95676174
655 7 _aAnimal fiction.
_2lcgft.
_95748285
700 1 _aCowdrey, Richard,
_eillustrator.
_944316
800 1 _aCameron, W. Bruce.
_tDog's purpose puppy tale.
_96006440
942 _2ddc
_cBOOK
999 _c406465
_d406465